قسمة المال المشاع في الفقه الإسلامي /
Saved in:
| Main Author: | |
|---|---|
| Other Authors: | |
| Format: | Thesis |
| Language: | Arabic |
| Published: |
Makkah :
Jami'at Umm al-Qura',
1986
|
| Subjects: | |
| Tags: |
Add Tag
No Tags, Be the first to tag this record!
|
| LEADER | 010540000a22002410004500 | ||
|---|---|---|---|
| 008 | 141204s1986 su f 000 0 ara d | ||
| 040 | |a UIAM |b eng | ||
| 041 | |a ara | ||
| 050 | 4 | |a BP158.5.L51 | |
| 100 | 1 | |a عروسي، عبد الجليل حسن | |
| 242 | 1 | 0 | |a Qismat al-mal al-musha' fi al-fiqh al-Islami |
| 245 | 1 | 0 | |a قسمة المال المشاع في الفقه الإسلامي / |c إعداد، عبد الجليل حسن العروسي |
| 260 | |a Makkah : |b Jami'at Umm al-Qura', |c 1986 | ||
| 300 | |a 399 leaves ; |c 30 cm. | ||
| 500 | |a "رسالة مقدمت لنيل درجة الماجستير" --On t.p. | ||
| 502 | |a Thesis (M.A.)--Jami'at Umm al-Qura', 1986 | ||
| 504 | |a Includes bibliographical references (leaves 372-385). | ||
| 596 | |a 1 | ||
| 655 | |a Theses, Facsimile edition (Islamic) | ||
| 700 | 1 | |a 'Arusi, 'Abd al-Jalil Hasan | |
| 900 | |a arf-lfr | ||
| 999 | |c 437691 |d 467256 | ||
| 952 | |0 0 |6 TI BP 000158.5 L51 A794Q 1986 |7 0 |8 THESES |9 759205 |a IIUM |b IIUM |c MULTIMEDIA |g 0.00 |o ti BP 158.5 L51 A794Q 1986 |p 00011293402 |r 2017-10-23 |t 1 |v 0.00 |y THESIS | ||
